000 00544nam a22001817a 4500
999 _c189333
_d189333
005 20220623153531.0
010 _aENG-133345
020 _a9788181523594
_c1250.00
035 _aEN-116877
037 _bDBAD/PUB
082 _a320.5
100 _aGupta, Ashim
245 _aWestern Political Theory/
_cAshim Gupta
260 _aJaipur
_bBook Enclave
_c2015
270 _aF-11, S.S. Tower, Dhamani Street, Chaura Rasta
_bJaipur
_e302003
_mbookenclave@yahoo.com
300 _a224p.
_c24cm(hbk)
942 _2ddc
_cEN
_h320.5
_mGUP